| 000 | 00762nam a22002177a 4500 | ||
|---|---|---|---|
| 999 |
_c2873 _d2873 |
||
| 003 | AR-CdUCM | ||
| 008 | 190305b ||||| |||| 00| 0 spa d | ||
| 040 |
_aMUNICIPALIDAD PROVINCIAL DEL CUSCO _cBIBLIOTECA MUNICIPAL DEL CUSCO |
||
| 041 | _heng | ||
| 082 |
_a328.3 / _bC824 |
||
| 100 |
_aCorrea Saavedra, Mario _99929 |
||
| 245 | _aManual de mason sobre procedimiento legislativo / | ||
| 260 |
_aWashington : _bUSAID, _c1989. |
||
| 300 |
_a594 páginas ; _c25 cm. |
||
| 505 | _aDerecho parlamentario y sus reglas -- Reglas de procedimiento -- Principios de derecho parlamentario... | ||
| 650 |
_aprocedimiento legislativo. _99930 |
||
| 650 |
_aFacultades judiciales. _99931 |
||
| 650 |
_aEl derecho. _99932 |
||
| 942 |
_2ddc _cLIBROS |
||
| 945 |
_awfj _d2019-03-05 |
||